000 02104nam0a2200409 4500
001 RU\NLR\BIBL_A\011667459
005 20180413102401.0
010 _a978-5-7205-1445-7
_9500
021 _aRU
_bКН-П-18-014244
_9КН-П-18-1028
035 _a(NLR Aleph) 011667459
035 _a(RuMoRGB)009555977
090 _a11217361
_c11217361
100 _a20180330d2018 k y0rusy50 ca
101 0 _arus
_deng
102 _aRU
105 _ay|||z|||000zy
200 1 _aНациональная безопасность и механизм ее обеспечения: общетеоретический ракурс
_dNational security and mechanism for its provision: a theoretical perspective
_eмонография
_fВ.П. Беляев, С.Ю. Чапчиков
_zeng
210 _aМосква
_cЮстицинформ
_d2018
215 _a257 с.
_d21
225 1 _aСерия Наука
300 _aАвт. также на англ. яз.: V.P. Belyaev, S.Yu. Chapchikov
300 _aНа 4-й с. обл. авт.: Беляев В.П., д.ю.н., проф., Чапчиков С.Ю., к.ю.н.
300 _aРез. англ.
320 _aБиблиогр.: с. 242-255 (201 назв.) и в подстроч. примеч.
510 1 _6z33790
_aNational security and mechanism for its provision: a theoretical perspective
_zeng
606 1 _aНациональная безопасность
_xОбеспечение
_yРоссийская Федерация
_2nlr_sh2
_3RU\NLR\AUTH\661568018
686 _aХ621.16,0
_2rubbk
686 1 _aХ621.162
700 1 _aБеляев
_bВ. П.
_cд-р юрид. наук
_gВалерий Петрович
_3RU\NLR\AUTH\7724418
701 1 _aЧапчиков
_bС. Ю.
_gСергей Юрьевич
_3RU\NLR\AUTH\770150199
790 1 _6z33
_aBeljaev
_bV. P.
_cд-р юрид. наук
_gValerij Petrovič
_3RU\NLR\AUTH\770187248
790 1 _6z33
_6z33510
_aČapčikov
_bS. Ju.
_gSergej Jur'evič
_3RU\NLR\AUTH\770150201
942 _cBOOK
980 _aNBR
980 _aNB